Organic and biological chemistry

Uloženo v:
Podrobná bibliografie
Hlavní autor: H. Stephen Stoker
Médium: Kniha
Jazyk:Undetermined
Vydáno: Bosston, Massachusetts Houghton Mifflin 2001
Témata:
Tagy: Přidat tag
Žádné tagy, Buďte první, kdo otaguje tento záznam!
Thư viện lưu trữ: Trung tâm Học liệu Trường Đại học Cần Thơ
LEADER 00483nam a2200169Ia 4500
001 CTU_48878
008 210402s9999 xx 000 0 und d
082 |a 547 
082 |b S864 
100 |a H. Stephen Stoker 
245 0 |a Organic and biological chemistry 
245 0 |c H. Stephen Stoker 
260 |a Bosston, Massachusetts 
260 |b Houghton Mifflin 
260 |c 2001 
650 |a biochemistry,chemistry, organic 
980 |a Trung tâm Học liệu Trường Đại học Cần Thơ